عرض عادي عرض مارك
  • راشد، حازم

مدخل إسم شخص

عدد التسجيلات المستخدمة في: 1

001 - رقم الضبط

  • حقل الضبط: 54975

003 - معرف رقم الضبط

  • حقل الضبط: OSt

005 - تاريخ ووقت أخر عملية

  • حقل الضبط: 20160508123337.0

008 - عناصر بيانات ثابتة الطول

  • حقل تحكم ثابت الطول: 160508|| aca||aabn | a|a d

040 ## - مصدر الفهرسة

  • هيئة الفهرسة الأصلية: OSt
  • وكالة الكتابة: OSt

100 ## - مدخل -- أسم شخص

  • إسم شخص: راشد، حازم

670 ## - بيانات المصدر موجوده

  • الاستشهاد بالمصدر: Work cat.: (OSt): شحاتة، حسن 54839, تجديد الخطاب الديني :, 2016.